• 首页
  • 本馆介绍
  • 公告通知
  • 最新文献
  • 馆藏检索
  • 电子资源
  • 读者导购
  • 参考咨询
  • 我的图书馆
  • 登录
  • 详细信息显示
  • 放入我的书架
  • 预约/预借图书
  • 作者相关作品
  • 分类相关作品
  • 丛书相关作品
  • 出版社相关作品

书目信息

  • 表格格式
  • 工作单格式
  • 卡片格式
题名:
警察体育概论
    
 
作者: 宋万年
分册:  
出版信息: 北京   中国人民公安大学出版社  2002
页数: 259
开本: 20cm
丛书名:
单 册:
中图分类: G87
科图分类:
主题词: 体育运动
电子资源:
ISBN: 7-81059-940-2
000 00499nam0 2200181 450
001 0736480453
005 20070817100800.46
010    @a7-81059-940-2@d¥15.00
100    @a20070817d km y0chiy0120 ea
101 0  @achi
200 1  @a警察体育概论@Ajing cha ti yu gai lun@f宋万年@Fsong wan nian
210    @a北京@c中国人民公安大学出版社@d2002
215    @a259@d20cm
606 0  @a体育运动
690    @aG87@v3
701  0 @a宋万年@Asong wan nian
801  0 @aCN@bPFT@c20070817
905    @a213230@dG87@et2@f1
    
    警察体育概论/宋万年.-北京:中国人民公安大学出版社,2002
    259;20cm
    
    
    ISBN 7-81059-940-2:¥15.00
    
●
相关链接 在E读中查询图书 在五车中查询图书 在当当中查询图书 在豆瓣中查询图书


正题名:警察体育概论     索取号:G87/t2         预约/预借

序号 登录号 条形码 馆藏地/架位号 状态 备注
1 6902070   269020702   密集书库-体育系/ [索取号:G87/t2] 在馆    
唐山师范学院图书馆 欢迎您!
大连网信软件有限公司© 版权所有